000 02281nam a2200301 a 4500
001 BRCA_8509
003 FranzMayer
005 20230724105821.0
008 300616s1780----sp-#######---#000-0#spa-#
040 _aMFM
_bESP
_cMFM
041 _aspa
044 _asp
084 _aBE14
_b.C37 1780
100 1 _aCastro, Juan Francisco de
_921340
245 1 0 _aDios y la naturaleza
_bcompendio histórico, natural y político del universo, en que se demuestra a Dios
_cpor el Doctor Don Juan Francisco de Castro.
260 _aMadrid
_bpor D. Joachin Ibarra, Impresor de Cámara de S. M.
_c1780
300 _a[6], 412 p. (t.6)
_c20.5 x 14.5 cm.
500 _aIncluye índice de las cosas más notables
500 _aEn portada : Dios y la naturaleza. Compendio histórico, natural y político del universo, en que se demuestra a Dios en las portentosas maravillas de los naturales efectos y se refiere en sumario La Historia Natural y Civil, la Religión, Leyes y costumbres de las Naciones antiguas y modernas mas conocidas del Orbe
500 _aEstado físico : primeras y últimas hojas con manchas
500 _aCon marca de fuego : ´Procedencia de la marca: Convento de San Francisco Santa María del Pueblito de Querétaro. Institución: Orden de Frailes Menores. Provincia de San Pedro y San Pablo de Michoacán. Descripción: Monograma conformado por las iniciales ´P´, ´u´, ´E´ seguidas de ´b´, ´I´, ´T´ y ´o´ que se desata como Pueblito (2) dentro de un filete en forma de rombo. Observaciones: Krausse la incluye entre las marcas no identificadas. David Saavedra la identifica como del Convento Franciscano de Santa María del Pueblito, Villa Corregidora de Querétaro. Con el testimonio de pertenencia ubicado en este ejemplar se corrobora la atribución realizada por David Saavedra. Ubicación de la marca en el libro: Canto superior, inferior y lateral´
650 1 4 _aApologética
_yObras anteriores a 1800
_921341
650 1 4 _aAteísmo
_yObras anteriores a 1800
_921342
700 1 _aIbarra, Joaquín
_d1725-1785
_eImpresor
_921271
856 _ahttp://www.marcasdefuego.buap.mx:8180/xmLibris/projects/firebrand/item.jsp?repository=marcas_de_fuego&key=marcas_de_fuego_franciscanas_20150618135223_2ccc.xml&num=0
902 _aCFM
942 _2lcc
_cB
999 _c8175
_d8175